[Event "Udaipur Holi Cup 6th"]
[Site "Udaipur"]
[Date "2024.03.31"]
[Round "1"]
[White "Toyesh, Singh"]
[Black "Balkishan, A."]
[Result "1-0"]
[WhiteElo "1573"]
[BlackElo "2108"]
[PlyCount "123"]
[EventDate "2024.03.31"]
[EventType "swiss"]
[EventRounds "9"]
[EventCountry "IND"]
[SourceTitle "CB16_2024"]
[SourceDate "2024.04.17"]
[SourceVersion "1"]
[SourceVersionDate "2024.04.17"]
[SourceQuality "1"]

1. e4 c5 2. d4 cxd4 3. c3 dxc3 4. Nxc3 e6 5. Bc4 a6 6. Nf3 d6 7. 0-0 b5 8. Bb3 Ra7 9. Be3 Rd7 10. a4 b4 11. a5 bxc3 12. Bb6 Qf6 13. Ba4 Bb7 14. Rc1 Be7 15. Rxc3 Bd8 16. Qxd6 Nc6 17. Bxc6 Bxc6 18. Qxc6 e5 19. Qxd7+ Kxd7 20. Rd1+ Ke8 21. Rxd8+ Qxd8 22. Bxd8 Kxd8 23. Nxe5 Nh6 24. f3 Re8 25. Nd3 f5 26. e5 Re6 27. f4 Ng8 28. Nc5 Rc6 29. Rd3+ Kc8 30. b4 Ne7 31. Rd7 Rxc5 32. Rxe7 Rc1+ 33. Kf2 Rc4 34. Kg3 Rxb4 35. Rxg7 Ra4 36. Rxh7 Rxa5 37. Rf7 Ra3+ 38. Kh4 Ra2 39. Kh3 a5 40. Rxf5 a4 41. e6 Kc7 42. Re5 Kd8 43. e7+ Ke8 44. Kg3 Ra3+ 45. Kg4 Ra2 46. Kf3 Ra3+ 47. Ke4 Ra2 48. Kf3 Ra3+ 49. Kg4 Ra2 50. g3 Rxh2 51. f5 a3 52. f6 Rf2 53. Kg5 a2 54. Ra5 Kf7 55. Ra8 a1Q 56. Rxa1 Rb2 57. Ra8 Rb5+ 58. Kh4 Rb4+ 59. g4 Re4 60. Rf8+ Kg6 61. e8Q+ Kh6 62. Rh8# 1-0

[Event "Guwahati Sakatam op 1st"]
[Site "Guwahati"]
[Date "2024.03.27"]
[Round "9"]
[White "Singh, Y Dhanabir"]
[Black "Balkishan, A."]
[Result "1-0"]
[WhiteElo "1996"]
[BlackElo "2108"]
[PlyCount "135"]
[EventDate "2024.03.23"]
[EventType "swiss"]
[EventRounds "10"]
[EventCountry "IND"]
[SourceTitle "CB15_2024"]
[SourceDate "2024.04.10"]
[SourceVersion "1"]
[SourceVersionDate "2024.04.10"]
[SourceQuality "1"]

1. e4 c5 2. f4 d5 3. exd5 Nf6 4. Bb5+ Nbd7 5. Nc3 a6 6. Bxd7+ Qxd7 7. Nf3 Nxd5 8. Ne5 Nxc3 9. bxc3 Qc7 10. c4 g6 11. Bb2 Bg7 12. 0-0 0-0 13. a4 b6 14. Bc3 Bb7 15. Qe2 Rab8 16. Rfb1 f6 17. Nd3 Qc6 18. Rf1 Kh8 19. Rf3 Rfe8 20. Re3 Rbd8 21. Qf2 Kg8 22. Re2 a5 23. Qg3 e6 24. Nf2 Qd7 25. Ng4 Kf7 26. Rb1 h5 27. Nf2 Qxa4 28. Rxb6 Ba8 29. d3 Rb8 30. f5 Rxb6 31. Qc7+ Kg8 32. Qxb6 exf5 33. Qxa5 Qxa5 34. Rxe8+ Kf7 35. Bxa5 Kxe8 36. Bb6 Bf8 37. Nd1 Kd7 38. Nc3 Bc6 39. Kf2 Ke6 40. g3 g5 41. Nb5 Kd7 42. Ke3 Bb7 43. c3 f4+ 44. gxf4 g4 45. d4 Bh1 46. Kf2 h4 47. Bxc5 Bxc5 48. dxc5 Kc6 49. Nd4+ Kxc5 50. Nf5 Kxc4 51. Nxh4 Be4 52. f5 Kxc3 53. Kg3 Kd4 54. Kxg4 Ke5 55. Ng6+ Kd6 56. h4 Bd5 57. h5 Bg8 58. h6 Kd7 59. h7 Bxh7 60. Nf8+ Ke7 61. Nxh7 Kf7 62. Kh5 Kg7 63. Nf8 Kxf8 64. Kg6 Kg8 65. Kxf6 Kf8 66. Ke6 Ke8 67. f6 Kf8 68. f7 1-0

[Event "Guwahati Sakatam op 1st"]
[Site "Guwahati"]
[Date "2024.03.23"]
[Round "1"]
[White "Arnav, Verma"]
[Black "Balkishan, A."]
[Result "0-1"]
[WhiteElo "1414"]
[BlackElo "2108"]
[PlyCount "66"]
[EventDate "2024.03.23"]
[EventType "swiss"]
[EventRounds "10"]
[EventCountry "IND"]
[SourceTitle "CB15_2024"]
[SourceDate "2024.04.10"]
[SourceVersion "1"]
[SourceVersionDate "2024.04.10"]
[SourceQuality "1"]

1. d4 d5 2. Bf4 c5 3. dxc5 Nc6 4. Nf3 f6 5. Nc3 e5 6. Bg3 Be6 7. e4 d4 8. Nb5 Bxc5 9. Bd3 a6 10. Na3 Qa5+ 11. Nd2 Bxa3 12. bxa3 Qxa3 13. 0-0 Nge7 14. Nc4 Qc5 15. Nd2 0-0 16. a3 b5 17. Qe2 Rfc8 18. Rfc1 Na5 19. Qe1 Qd6 20. Nf3 Nc4 21. Nd2 Nxa3 22. Nb3 Rc3 23. Nd2 Rac8 24. Nb1 Nxb1 25. Rcxb1 Bc4 26. Bxc4+ R8xc4 27. Rc1 Rxc2 28. Rxc2 Rxc2 29. Rc1 Rxc1 30. Qxc1 Qc6 31. Qxc6 Nxc6 32. Kf1 a5 33. Ke1 a4 0-1

[Event "Meghalaya op 1st"]
[Site "Shillong"]
[Date "2023.12.14"]
[Round "3"]
[White "Aronyak, Ghosh"]
[Black "Balkishan, A."]
[Result "1/2-1/2"]
[WhiteElo "2545"]
[BlackElo "1855"]
[PlyCount "60"]
[EventDate "2023.12.13"]
[EventType "swiss"]
[EventRounds "10"]
[EventCountry "IND"]
[SourceTitle "CB52_2023"]
[SourceDate "2023.12.27"]
[SourceVersion "1"]
[SourceVersionDate "2023.12.27"]
[SourceQuality "1"]

1. c4 e5 2. g3 Nc6 3. Nc3 g6 4. Bg2 Bg7 5. d3 d6 6. Rb1 a5 7. Nf3 Nf6 8. 0-0 0-0 9. b3 Re8 10. Bb2 Ng4 11. Nd5 Nb4 12. Nd2 c6 13. Nc3 Be6 14. h3 Nf6 15. Nde4 Nh5 16. a3 Na6 17. b4 axb4 18. axb4 f5 19. b5 cxb5 20. cxb5 Nc7 21. Nd2 d5 22. b6 Na6 23. Na4 Qd7 24. e3 Rec8 25. d4 e4 26. Kh2 Qd6 27. Nb3 Bd7 28. Nbc5 Nxc5 29. Nxc5 Bb5 30. Re1 Qxb6 1/2-1/2

[Event "Bengaluru Karnataka op"]
[Site "Bengaluru"]
[Date "2023.05.30"]
[Round "9"]
[White "Balkishan, A."]
[Black "Shet, Prajwal P"]
[Result "1-0"]
[WhiteElo "1817"]
[BlackElo "2096"]
[PlyCount "109"]
[EventDate "2023.05.26"]
[EventType "swiss"]
[EventRounds "9"]
[EventCountry "IND"]
[SourceTitle "CBM 214 Extra"]
[Source "ChessBase"]
[SourceDate "2023.07.31"]
[SourceVersion "1"]
[SourceVersionDate "2023.07.31"]
[SourceQuality "1"]

1. e4 c5 2. Nf3 Nc6 3. d4 cxd4 4. Nxd4 Nf6 5. Nc3 e5 6. Ndb5 d6 7. Bg5 a6 8. Na3 b5 9. Nd5 Be7 10. Bxf6 Bxf6 11. c4 b4 12. Nc2 a5 13. g3 Be6 14. h4 0-0 15. Bh3 Rc8 16. Kf1 Kh8 17. Kg2 Nb8 18. b3 Rc5 19. Nde3 Nc6 20. Qd3 Qc7 21. Rad1 Rd8 22. Bf5 Ne7 23. Nd5 Bxd5 24. exd5 h6 25. Be4 Ng8 26. Qf3 Rf8 27. g4 Bd8 28. Ne3 Qe7 29. Nf5 Qd7 30. Ng3 Qe8 31. Bb1 Rc7 32. Nf5 Qd7 33. Ng3 g6 34. Bxg6 fxg6 35. Qxf8 Bf6 36. Qb8 Rc8 37. Qb6 Qxg4 38. Qxd6 e4 39. Qe6 Qf3+ 40. Kh3 Rf8 41. Qxe4 Qxf2 42. Rh2 Qa7 43. Qxg6 Be5 44. Re2 Rf6 45. Qg4 Rf4 46. Qe6 Bf6 47. Re4 Rf3 48. Rg4 Bg7 49. d6 Rf6 50. Qe8 h5 51. Qxh5+ Rh6 52. Qe8 Kh7 53. d7 Nf6 54. Rxg7+ Kxg7 55. Nf5+ 1-0

[Event "Rajapalayam Ramco op"]
[Site "Rajapalayam"]
[Date "2019.12.03"]
[Round "8"]
[White "Balkishan, A."]
[Black "Harikrishnan, A Ra"]
[Result "1/2-1/2"]
[WhiteElo "2093"]
[BlackElo "2440"]
[PlyCount "134"]
[EventDate "2019.11.30"]
[EventType "swiss"]
[EventRounds "8"]
[EventCountry "IND"]
[SourceTitle "CBM 193 Extra"]
[Source "ChessBase"]
[SourceDate "2020.01.31"]
[SourceVersion "1"]
[SourceVersionDate "2020.01.31"]
[SourceQuality "1"]

1. d4 Nf6 2. c4 e6 3. Nc3 Bb4 4. e3 0-0 5. Bd3 Bxc3+ 6. bxc3 d6 7. Ne2 b6 8. 0-0 Bb7 9. Ng3 e5 10. e4 Re8 11. Qc2 Nc6 12. d5 Nb8 13. f4 exf4 14. Bxf4 Nbd7 15. h3 h6 16. Qd2 Nh7 17. e5 Nxe5 18. Bxh6 gxh6 19. Qxh6 f5 20. Bxf5 Qe7 21. Nh5 Rf8 22. Rf4 Rxf5 23. Rxf5 Rf8 24. Raf1 Rxf5 25. Rxf5 Ba6 26. Nf6+ Nxf6 27. Rg5+ Kf7 28. Rg7+ Ke8 29. Rxe7+ Kxe7 30. Qg7+ Nf7 31. g4 Ne8 32. Qg6 Bxc4 33. Qe6+ Kf8 34. g5 Ne5 35. h4 Be2 36. Qh6+ Kg8 37. g6 Nf6 38. g7 Nh7 39. h5 Bg4 40. Kf1 Bh3+ 41. Ke2 Bd7 42. Kd2 Bc8 43. Kc2 Bd7 44. Kb3 Bg4 45. c4 Bd7 46. Kc3 Bc8 47. Qf4 Kxg7 48. Qh4 Nf6 49. h6+ Kg6 50. h7 Nxh7 51. Qd8 Bf5 52. Qxc7 Nf7 53. Qxa7 Nf6 54. Qxb6 Nd7 55. Qa7 Nc5 56. a4 Bc8 57. a5 Kf6 58. Qb8 Ba6 59. Qc7 Ne4+ 60. Kd4 Nc5 61. Qb8 Ke7 62. Qa7+ Kf6 63. Qc7 Nb3+ 64. Kc3 Nc5 65. Kb4 Nd3+ 66. Ka3 Nc5 67. Kb4 Ke5 1/2-1/2

[Event "Madurai Athens of the East op 1st"]
[Site "Madurai"]
[Date "2019.08.17"]
[Round "9"]
[White "Nitin, Senthilvel"]
[Black "Balkishan, A."]
[Result "1-0"]
[WhiteElo "2358"]
[BlackElo "2173"]
[PlyCount "63"]
[EventDate "2019.08.11"]
[EventType "swiss"]
[EventRounds "10"]
[EventCountry "IND"]
[SourceTitle "CBM 191 Extra"]
[Source "ChessBase"]
[SourceDate "2019.09.30"]
[SourceVersion "1"]
[SourceVersionDate "2019.09.30"]
[SourceQuality "1"]

1. e4 c5 2. Nf3 e6 3. d4 cxd4 4. Nxd4 Nc6 5. Nc3 Qc7 6. g3 a6 7. Bg2 Nf6 8. 0-0 d6 9. Nxc6 bxc6 10. Be3 Rb8 11. Na4 e5 12. c4 Be6 13. b3 Be7 14. Qe2 Nd7 15. Rac1 c5 16. f4 f6 17. Nc3 0-0 18. f5 Bf7 19. h4 Rb7 20. g4 Nb8 21. g5 Nc6 22. Bh3 Kh8 23. Qg2 g6 24. fxg6 Bxg6 25. Nd5 Qd8 26. gxf6 Bxf6 27. Nxf6 Rxf6 28. Bg5 Rbf7 29. Rxf6 Rxf6 30. Rf1 Rxf1+ 31. Qxf1 Qc7 32. Qf8# 1-0

[Event "Mumbai Mayors Cup 12th"]
[Site "Mumbai"]
[Date "2019.06.14"]
[Round "8"]
[White "Balkishan, A."]
[Black "Koustav, Chatterjee"]
[Result "0-1"]
[WhiteElo "2074"]
[BlackElo "2404"]
[PlyCount "164"]
[EventDate "2019.06.09"]
[EventType "swiss"]
[EventRounds "10"]
[EventCountry "IND"]
[SourceTitle "CBM 190 Extra"]
[Source "ChessBase"]
[SourceDate "2019.07.15"]
[SourceVersion "1"]
[SourceVersionDate "2019.07.15"]
[SourceQuality "1"]

1. Nf3 Nf6 2. g3 d5 3. Bg2 c5 4. 0-0 e6 5. c4 d4 6. d3 Nc6 7. e3 Bd6 8. exd4 cxd4 9. a3 a5 10. Re1 0-0 11. Bg5 h6 12. Bxf6 Qxf6 13. Nbd2 Qd8 14. Rc1 e5 15. c5 Bc7 16. Nc4 Re8 17. b4 axb4 18. axb4 Nxb4 19. Nfxe5 Qf6 20. Qb3 Nc6 21. Nxc6 Rxe1+ 22. Rxe1 bxc6 23. Qb2 Ba6 24. Ra1 Rb8 25. Qxb8+ Bxb8 26. Rxa6 Qe7 27. Rxc6 Qe1+ 28. Bf1 Qe8 29. Ra6 Bc7 30. c6 Qb8 31. Ra1 g6 32. Bg2 Kg7 33. Re1 Kf6 34. Be4 h5 35. Kg2 Kg7 36. Re2 Qd8 37. Rb2 f5 38. Bf3 g5 39. Kf1 g4 40. Bg2 h4 41. gxh4 f4 42. f3 Qf6 43. Rb5 Qxc6 44. Rg5+ Kf8 45. fxg4 Qa4 46. Ke2 Qa2+ 47. Kf3 Qc2 48. Bf1 Qxh2 49. h5 Qg3+ 50. Ke2 f3+ 51. Kd1 Ke8 52. h6 Qf2 53. h7 Qxf1+ 54. Kc2 Qe2+ 55. Nd2 Be5 56. Rf5 f2 57. g5 Bh8 58. g6 Qe6 59. Rxf2 Qxg6 60. Rh2 Qg3 61. Rh5 Kf7 62. Ne4 Qg2+ 63. Kb3 Kg6 64. Rh4 Qe2 65. Rh3 Qf1 66. Rg3+ Kxh7 67. Kc4 Qf7+ 68. Kc5 Qc7+ 69. Kd5 Qd7+ 70. Kc5 Bg7 71. Rg5 Qe6 72. Nd6 Bf8 73. Rd5 Qd7 74. Rxd4 Qc7+ 75. Kd5 Qxd6+ 76. Ke4 Qe6+ 77. Kf3 Bh6 78. Re4 Qh3+ 79. Ke2 Qg2+ 80. Ke1 Qd2+ 81. Kf1 Qxd3+ 82. Re2 Be3 0-1

[Event "Bengaluru Karnataka op"]
[Site "Bengaluru"]
[Date "2018.04.16"]
[Round "5"]
[White "Dilip, Kumar Pedda"]
[Black "Balkishan, A."]
[Result "0-1"]
[WhiteElo "1653"]
[BlackElo "2026"]
[PlyCount "110"]
[EventDate "2018.04.14"]
[EventType "swiss"]
[EventRounds "10"]
[EventCountry "IND"]
[SourceTitle "CBM 184 Extra"]
[Source "ChessBase"]
[SourceDate "2018.06.28"]
[SourceVersion "1"]
[SourceVersionDate "2018.06.28"]
[SourceQuality "1"]

1. d4 Nf6 2. c4 e6 3. Nf3 Bb4+ 4. Bd2 Qe7 5. a3 Bxd2+ 6. Qxd2 d6 7. Nc3 0-0 8. e4 e5 9. d5 a5 10. Bd3 Na6 11. h3 Nh5 12. g4 Nf4 13. Ne2 Nc5 14. Bc2 Re8 15. Nxf4 exf4 16. Qxf4 Qxe4+ 17. Qxe4 Nxe4 18. 0-0 Bd7 19. Rae1 Nc5 20. Nd4 a4 21. f3 g6 22. Kf2 c6 23. Rxe8+ Rxe8 24. Re1 Rc8 25. Ne2 cxd5 26. cxd5 Kf8 27. Nc3 b5 28. Ke2 f5 29. gxf5 gxf5 30. Rg1 Kf7 31. Rg5 Rb8 32. Rh5 Kg6 33. Rh4 h6 34. Rb4 Kg5 35. h4+ Kf6 36. Ke3 Na6 37. Rd4 Re8+ 38. Kf4 Re1 39. Rd1 Re8 40. Rd4 Rg8 41. Bd3 Nc7 42. Rb4 Rg2 43. Bxb5 Bxb5 44. Rxb5 Nxb5 45. Nxb5 Rxb2 46. Nxd6 Rb3 47. Nxf5 Rxa3 48. Nd4 Rc3 49. d6 a3 50. Ke4 Rc4 51. Kd5 Rxd4+ 52. Kxd4 a2 53. Kc5 a1Q 54. Kc6 Ke6 55. Kc7 Qc3+ 0-1

[Event "Bengaluru Karnataka op"]
[Site "Bengaluru"]
[Date "2018.04.15"]
[Round "3"]
[White "Vikas, Saini"]
[Black "Balkishan, A."]
[Result "0-1"]
[WhiteElo "1346"]
[BlackElo "2026"]
[PlyCount "146"]
[EventDate "2018.04.14"]
[EventType "swiss"]
[EventRounds "10"]
[EventCountry "IND"]
[SourceTitle "CBM 184 Extra"]
[Source "ChessBase"]
[SourceDate "2018.06.28"]
[SourceVersion "1"]
[SourceVersionDate "2018.06.28"]
[SourceQuality "1"]

1. e4 c5 2. Nf3 d6 3. d4 cxd4 4. Nxd4 Nf6 5. Nc3 a6 6. Be3 e5 7. Nb3 Be6 8. f3 Nbd7 9. Qd2 Be7 10. 0-0-0 b5 11. g4 Nb6 12. g5 Nh5 13. Nd5 Bxd5 14. Bxb6 Qxb6 15. exd5 Nf4 16. h4 0-0 17. Kb1 a5 18. Nc1 b4 19. Ne2 Nh5 20. f4 f6 21. Qd3 a4 22. g6 b3 23. gxh7+ Kh8 24. a3 bxc2+ 25. Qxc2 f5 26. fxe5 dxe5 27. Qc6 Qb3 28. Qc2 Qb6 29. Qc6 Rfb8 30. Qxb6 Rxb6 31. Rh3 Kxh7 32. Rc3 Rab8 33. Rd2 Bd6 34. Ka2 Nf6 35. Rc6 e4 36. Nd4 g6 37. Rxb6 Rxb6 38. Ne6 Be5 39. Ng5+ Kg7 40. Bc4 Bf4 41. Rg2 Bxg5 42. hxg5 Ne8 43. Be2 Nd6 44. Bd1 Rb5 45. Rd2 Ra5 46. Rd4 f4 47. Kb1 f3 48. Kc1 Rc5+ 49. Kd2 e3+ 50. Kd3 f2 51. Rf4 Rxd5+ 52. Kxe3 Rxd1 53. Kxf2 Rd2+ 54. Kg3 Rxb2 55. Rxa4 Rb5 56. Ra7+ Kf8 57. Kf4 Nf7 58. Ra8+ Kg7 59. Ra7 Rf5+ 60. Ke4 Rxg5 61. a4 Rg4+ 62. Kf3 Rb4 63. a5 Kf6 64. Ra6+ Kf5 65. Ra8 Rb3+ 66. Kf2 Kg4 67. a6 Ra3 68. a7 g5 69. Ke2 Kg3 70. Kf1 Ra2 71. Ke1 g4 72. Kf1 Ne5 73. Re8 Nf3 0-1

[Event "Mumbai Wealth op 3rd"]
[Site "Mumbai"]
[Date "2018.01.03"]
[Round "5"]
[White "Sammed Jaykumar, Shete"]
[Black "Balkishan, A."]
[Result "1-0"]
[WhiteElo "2351"]
[BlackElo "2043"]
[PlyCount "83"]
[EventDate "2017.12.30"]
[EventType "swiss"]
[EventRounds "9"]
[EventCountry "IND"]
[SourceTitle "CBM 182 Extra"]
[Source "ChessBase"]
[SourceDate "2018.02.23"]
[SourceVersion "1"]
[SourceVersionDate "2018.02.23"]
[SourceQuality "1"]

1. e4 c5 2. Nf3 d6 3. d4 cxd4 4. Nxd4 Nf6 5. Nc3 a6 6. h3 g6 7. g3 Bg7 8. Bg2 0-0 9. 0-0 Bd7 10. Be3 Nc6 11. Rc1 Rc8 12. Nd5 b5 13. Re1 e6 14. Nxf6+ Bxf6 15. c3 Qc7 16. Qd2 e5 17. Nf3 Na5 18. b3 Bc6 19. Nh2 Be7 20. Bh6 Rfd8 21. Ng4 Nb7 22. b4 Qd7 23. f4 Qe6 24. Ne3 exf4 25. gxf4 Bh4 26. f5 Qe7 27. Ng4 Bxe1 28. Qd4 f6 29. Rxe1 gxf5 30. Nxf6+ Kf7 31. Bg5 Rg8 32. h4 Qe5 33. Nxg8 Rxg8 34. Rf1 Kg7 35. Rxf5 Qxd4+ 36. cxd4 h6 37. Bf6+ Kg6 38. Kf2 Kh7 39. Rf4 Rg6 40. h5 Rg8 41. Bh3 Re8 42. d5 1-0

[Event "Mumbai Wealth op 3rd"]
[Site "Mumbai"]
[Date "2018.01.01"]
[Round "3"]
[White "Sidharth, A Kumar"]
[Black "Balkishan, A."]
[Result "0-1"]
[WhiteElo "1474"]
[BlackElo "2043"]
[PlyCount "108"]
[EventDate "2017.12.30"]
[EventType "swiss"]
[EventRounds "9"]
[EventCountry "IND"]
[SourceTitle "CBM 182 Extra"]
[Source "ChessBase"]
[SourceDate "2018.02.23"]
[SourceVersion "1"]
[SourceVersionDate "2018.02.23"]
[SourceQuality "1"]

1. e4 c5 2. Nf3 d6 3. d4 cxd4 4. Nxd4 Nf6 5. Nc3 a6 6. Bc4 e6 7. Be3 b5 8. Bd3 Bb7 9. f3 Nbd7 10. Qd2 Be7 11. 0-0-0 Ne5 12. Qe2 Rc8 13. g4 0-0 14. h4 Nfd7 15. f4 Nxd3+ 16. Rxd3 Nc5 17. Rd2 b4 18. Nd1 Nxe4 19. Rh2 Qa5 20. Kb1 Bd5 21. Nb3 Nxd2+ 22. Qxd2 Qb5 23. g5 a5 24. Nd4 Qc4 25. b3 Qa6 26. Nb2 Rc7 27. Qd3 Qa8 28. Na4 Be4 29. Qd1 Qa6 30. Qe2 Qb7 31. Qb5 Qxb5 32. Nxb5 Rb7 33. Nd4 Rc8 34. Rf2 g6 35. Nf3 Bf8 36. Bd4 Bg7 37. Bb6 Bc6 38. Bd4 Bxa4 39. bxa4 Bxd4 40. Nxd4 Rc4 41. Nb5 Rb6 42. Kb2 Kf8 43. Kb3 Rbc6 44. Kb2 Ke7 45. Kc1 R6c5 46. Kb2 Rf5 47. Rd2 d5 48. Rd4 Rxf4 49. Rd3 Rxh4 50. c3 Rh2+ 51. Kb3 bxc3 52. Rxc3 Rxc3+ 53. Kxc3 Rxa2 54. Kb3 Rg2 0-1

[Event "IND-ch U25 26th"]
[Site "Port Blair"]
[Date "2017.07.16"]
[Round "5"]
[White "Lakshit, Rana"]
[Black "Balkishan, A."]
[Result "1/2-1/2"]
[WhiteElo "1439"]
[BlackElo "1954"]
[PlyCount "87"]
[EventDate "2017.07.13"]
[EventType "swiss"]
[EventRounds "9"]
[EventCountry "IND"]
[SourceTitle "EXT 2018"]
[Source "ChessBase"]
[SourceDate "2017.10.13"]
[SourceVersion "1"]
[SourceVersionDate "2017.10.13"]
[SourceQuality "1"]

1. d4 Nf6 2. c4 e6 3. Nc3 Bb4 4. Qc2 Nc6 5. Nf3 d6 6. Bd2 Qe7 7. a3 Bxc3 8. Bxc3 0-0 9. e3 e5 10. dxe5 dxe5 11. Be2 a5 12. h3 a4 13. g4 Nd7 14. Bd3 g6 15. Be4 Nd8 16. Bb4 Nc5 17. Qc3 c6 18. 0-0-0 Re8 19. Bc2 e4 20. Nd2 f5 21. gxf5 Bxf5 22. h4 Nde6 23. h5 Qg7 24. Qxg7+ Kxg7 25. Bc3+ Kf7 26. hxg6+ Bxg6 27. Rh4 Nd3+ 28. Bxd3 exd3 29. Nf3 Nc5 30. Ne5+ Rxe5 31. Bxe5 Nb3+ 32. Kb1 Ke6 33. Bc3 Rf8 34. Rh2 Be4 35. Rh6+ Kf5 36. Rh4 d2+ 37. Ka2 Nc1+ 38. Ka1 Nb3+ 39. Ka2 Re8 40. Rf4+ Kg6 41. Rg1+ Kh5 42. Bf6 Nc1+ 43. Ka1 Nb3+ 44. Ka2 1/2-1/2

[Event "IND-ch U25 26th"]
[Site "Port Blair"]
[Date "2017.07.14"]
[Round "2"]
[White "Balkishan, A."]
[Black "Nirmalya, Bose"]
[Result "0-1"]
[WhiteElo "1954"]
[BlackElo "1661"]
[PlyCount "158"]
[EventDate "2017.07.13"]
[EventType "swiss"]
[EventRounds "9"]
[EventCountry "IND"]
[SourceTitle "EXT 2018"]
[Source "ChessBase"]
[SourceDate "2017.10.13"]
[SourceVersion "1"]
[SourceVersionDate "2017.10.13"]
[SourceQuality "1"]

1. d4 d5 2. c4 c6 3. Nc3 Nf6 4. Nf3 e6 5. Bg5 Be7 6. e3 Nbd7 7. Qc2 0-0 8. cxd5 Nxd5 9. h4 h6 10. Bxe7 Qxe7 11. e4 Nb4 12. Qd2 f5 13. e5 Nb6 14. Be2 Bd7 15. a3 N4d5 16. Rc1 Be8 17. h5 Nxc3 18. Rxc3 Nd5 19. Rc2 Bf7 20. Kf1 Rad8 21. g3 Rd7 22. Kg2 Rfd8 23. Qa5 a6 24. Ne1 Nc7 25. Qb6 Nb5 26. Bxb5 axb5 27. Rh4 Qe8 28. Nd3 Bxh5 29. Nc5 Rxd4 30. Nxe6 Bf3+ 31. Kxf3 Rd3+ 32. Kg2 Qxe6 33. Rc5 R8d5 34. Qa7 Kh7 35. Rf4 Qxe5 36. Rc2 R5d4 37. Rc5 Rd5 38. Rc2 g5 39. Rb4 Rd7 40. Qc5 Qxc5 41. Rxc5 R7d5 42. Rc1 R3d4 43. Rb3 Re5 44. Rc2 Kg6 45. Rbc3 Kf6 46. b3 Red5 47. Re3 Rd3 48. Re8 Rd8 49. Rxd8 Rxd8 50. Rc3 Rd2 51. Kf3 Ke5 52. Ke3 Ra2 53. f4+ gxf4+ 54. gxf4+ Kf6 55. b4 h5 56. Kd4 Re2 57. Kc5 Re7 58. Rh3 Rh7 59. Rh4 Ke6 60. Kd4 b6 61. Rh3 h4 62. Re3+ Kd6 63. Rh3 c5+ 64. Kc3 Kd5 65. Kd3 Rh5 66. Ke3 Kc4 67. Rh1 h3 68. Rc1+ Kd5 69. Rd1+ Kc6 70. Rh1 h2 71. Kf2 Kd5 72. Kg2 Kc4 73. Rc1+ Kb3 74. Rh1 c4 75. Rb1+ Kxa3 76. Ra1+ Kxb4 77. Rb1+ Kc5 78. Re1 c3 79. Re5+ Kc4 0-1

[Event "Chennai op 9th"]
[Site "Chennai"]
[Date "2017.01.23"]
[Round "8"]
[White "Balkishan, A."]
[Black "Sidhant, Mohapatra"]
[Result "0-1"]
[WhiteElo "1989"]
[BlackElo "2267"]
[PlyCount "49"]
[EventDate "2017.01.18"]
[EventType "swiss"]
[EventRounds "10"]
[EventCountry "IND"]
[SourceTitle "CBM 176 Extra"]
[Source "ChessBase"]
[SourceDate "2017.03.02"]
[SourceVersion "1"]
[SourceVersionDate "2017.03.02"]
[SourceQuality "1"]

1. e4 c5 2. Nf3 d6 3. d4 cxd4 4. Nxd4 Nf6 5. Nc3 a6 6. Bg5 e6 7. f4 Qc7 8. Qf3 b5 9. Bd3 b4 10. Nce2 Nbd7 11. 0-0-0 Bb7 12. Kb1 Be7 13. Rhe1 Nc5 14. Ng3 0-0-0 15. Bxf6 Bxf6 16. Be2 Kb8 17. Nh5 Be7 18. f5 e5 19. Nb3 Rc8 20. Nxc5 Qxc5 21. Rd2 Rhg8 22. Qh3 Bg5 23. g3 Qf2 24. b3 Rc6 25. Bc4 0-1